| 000 | 01241nam a2200301 i 4500 | ||
|---|---|---|---|
| 003 | CSPC | ||
| 005 | 20260415085436.0 | ||
| 008 | 260415c2018 ph r p i 00 0 eng d | ||
| 022 | _a2467-6004 | ||
| 040 |
_aCSPC _beng _cCSPC _erda |
||
| 245 | 0 | 0 |
_aPolicy statements, july-august 2018 : _cPresident Rodrigo Roa Duterte / |
| 264 | 1 |
_aManila : _bBureau of Communications Services, _c2018. |
|
| 300 |
_avolumes : _billustrations ; _c23 cm. |
||
| 336 |
_2rdacontent _atext |
||
| 337 |
_2rdamedia _aunmediated |
||
| 338 |
_2rdacarrier _avolume |
||
| 362 | _a2018 Volume 27, Number 4 | ||
| 362 | _a2018 Volume 27, Number 4 | ||
| 500 | _aCollection of official policy statements delivered july-August 2018. | ||
| 504 | _aIncludes bibliographical references. | ||
| 650 | 4 |
_aExecutive power _zPhilippines. _xPeriodicals. |
|
| 650 | 4 |
_aPublic administration _xPeriodicals. _zPhilippines. |
|
| 650 | 4 |
_aPolitical leadership _xPeriodicals. _zPhilippines. |
|
| 650 | 4 |
_aGovernment policy _xPeriodicals. _zPhilippines. |
|
| 700 | 1 |
_aUyking, Howard Lance A., _eeditor in chief. |
|
| 942 |
_2ddc _n0 _cSERIALS _h320.9599 _iP758 _kSER _m2018 |
||
| 999 |
_c32289 _d32289 |
||